Statistics for Honda Car Models by Picture

Click here to take the quiz!

General Stats

  • This quiz has been taken 54 times
  • The average score is 5 of 16

Answer Stats

Answer% Correct
Civic Type R
97%
Accord Sport
85%
Fit
51%
NSX-R
51%
Odyssey
51%
Element
36%
Insight
28%
Crosstour
21%
City
18%
Clarity
15%
Amaze
13%
Brio
13%
BR-V
13%
Elevate
10%
N360
10%
Vezel
10%

Score Distribution

Percentile by Number Answered

Percent of People with Each Score

Your Score History

You have not taken this quiz